Statistics for Countries Entirely Between 40° and 50° North

Click here to take the quiz!

General Stats

  • This quiz has been taken 170 times
  • The average score is 17 of 20

Answer Stats

Country % Correct
Croatia
94%
Slovenia
90%
Bosnia and Herzegovina
90%
Serbia
90%
Hungary
90%
Switzerland
89%
Austria
89%
Moldova
86%
Romania
86%
Montenegro
86%
Bulgaria
86%
Macedonia
83%
Liechtenstein
83%
Andorra
83%
Slovakia
82%
San Marino
80%
Kosovo
78%
Monaco
77%
Georgia
70%
Vatican City
68%

Score Distribution

Percentile by Number Answered

Percent of People with Each Score

Your Score History

You have not taken this quiz